|
|
|
|
| LEADER |
00658nab a2200193 i 4500 |
| 001 |
publ37165 |
| 005 |
20250703083421.0 |
| 008 |
250703s2023 hu o 000 hun d |
| 022 |
|
|
|a 0237-7284
|
| 024 |
7 |
|
|a 35159559
|2 mtmt
|
| 040 |
|
|
|a SZTE Publicatio Repozitórium
|b hun
|
| 041 |
|
|
|a hun
|
| 100 |
1 |
|
|a Kasuba Róbert István
|
| 245 |
1 |
2 |
|a A törvénytelen gyermek jogállása
|h [elektronikus dokumentum] :
|b szabályozások a 20. század elején /
|c Kasuba Róbert István
|
| 260 |
|
|
|c 2023
|
| 300 |
|
|
|a 56-65
|
| 490 |
0 |
|
|a JOGTÖRTÉNETI SZEMLE
|v 21 No. 3
|
| 650 |
|
4 |
|a Jogtudomány
|
| 856 |
4 |
0 |
|u http://publicatio.bibl.u-szeged.hu/37165/1/Kasuba1.pdf
|z Dokumentum-elérés
|